| 000 | 00486nam a22001817a 4500 | ||
|---|---|---|---|
| 999 |
_c23891 _d23891 |
||
| 003 | Nust | ||
| 005 | 20190926120748.0 | ||
| 008 | 140424b xxu||||| |||| 00| 0 eng d | ||
| 020 | _cAvailable | ||
| 038 | _aNusrat Nadeem | ||
| 040 |
_aDLC _bDLC _cRCMS |
||
| 082 | _a621.38 WAL | ||
| 100 |
_aJean. Walrand _9693 |
||
| 245 |
_aHigh-performance communication networks _cJean. Walrand |
||
| 538 | _iSupercomputing Lab | ||
| 856 | _3Table of Contents Only. | ||
| 942 |
_2ddc _cBK _k621.38 WAL |
||